| 000 | 00683nam a2200181Ia 4500 | ||
|---|---|---|---|
| 008 | 151202s9999||||xx |||||||||||||| ||und|| | ||
| 082 | _bPNVM-57264 | ||
| 100 | _aचेस जेम्स हॅडले. | ||
| 245 | _aफॉर्म्युला सी झेड एक्स. | ||
| 260 | _b"पुष्प प्रकाशन, पुणे." | ||
| 260 | _c1994 | ||
| 300 | _a164 | ||
| 600 | _aचेस जेम्स हॅडले. | ||
| 630 | _aफॉर्म्युला सी झेड एक्स. | ||
| 700 | _aचेस जेम्स हॅडले. | ||
| 730 | _aफॉर्म्युला सी झेड एक्स. | ||
| 942 | _cBOOK | ||
| 999 |
_c1323802 _d1323799 |
||